[Event "KAZ-ch U10"]
[Site "Ak Bulak"]
[Date "2022.03.23"]
[Round "6"]
[White "Akhmet, Suleyman"]
[Black "Abdsattar, Alisher"]
[Result "1-0"]
[WhiteElo "1323"]
[BlackElo "1577"]
[PlyCount "67"]
[EventDate "2022.03.20"]
[EventType "swiss"]
[EventRounds "9"]
[EventCountry "KAZ"]
[SourceTitle "EXT 2023"]
[Source "ChessBase"]
[SourceDate "2022.10.05"]
[SourceVersion "1"]
[SourceVersionDate "2022.10.05"]
[SourceQuality "1"]

1. d4 d5 2. c4 c6 3. Nc3 Nf6 4. Nf3 a6 5. Qc2 dxc4 6. e4 b5 7. Be3 e6 8. Be2 Be7 9. 0-0 0-0 10. Rfd1 Bb7 11. Ne5 Nbd7 12. f4 Qc7 13. Bf3 Nb6 14. g4 Rfd8 15. Qf2 Rac8 16. h4 Nbd7 17. Nxd7 Nxd7 18. e5 Nb6 19. f5 Bf8 20. f6 g6 21. h5 Nd5 22. hxg6 fxg6 23. Ne4 h6 24. g5 Nxe3 25. Qxe3 c5 26. gxh6 cxd4 27. Qg5 Kh7 28. f7 Qxf7 29. Nf6+ Kh8 30. Bxb7 Qxb7 31. Qxg6 Bc5 32. Kh2 d3 33. Rg1 Bxg1+ 34. Rxg1 1-0

[Event "KAZ-ch U10"]
[Site "Ak Bulak"]
[Date "2022.03.21"]
[Round "3"]
[White "Abdsattar, Alisher"]
[Black "Zhandos, Akarys"]
[Result "1-0"]
[WhiteElo "1577"]
[BlackElo "1158"]
[PlyCount "115"]
[EventDate "2022.03.20"]
[EventType "swiss"]
[EventRounds "9"]
[EventCountry "KAZ"]
[SourceTitle "EXT 2023"]
[Source "ChessBase"]
[SourceDate "2022.10.05"]
[SourceVersion "1"]
[SourceVersionDate "2022.10.05"]
[SourceQuality "1"]

1. d4 Nf6 2. Nf3 e6 3. Bf4 d5 4. e3 Bd6 5. Bg3 b6 6. Nbd2 Bb7 7. Ne5 Nbd7 8. f4 a6 9. Bd3 c5 10. c3 h5 11. Bh4 Be7 12. Qf3 Nxe5 13. fxe5 Ne4 14. 0-0 Nxd2 15. Qxf7+ Kd7 16. Rfd1 c4 17. Bc2 Ne4 18. Bxe4 dxe4 19. d5 exd5 20. b3 b5 21. bxc4 bxc4 22. Rab1 Ra7 23. Rxb7+ Rxb7 24. Rxd5+ Kc8 25. Rxd8+ Bxd8 26. Qxc4+ Kb8 27. Bxd8 Rxd8 28. Kf2 Rb2+ 29. Kg3 Rb5 30. Qxe4 Re8 31. e6 Rb6 32. Qe5+ Ka7 33. e7 Rb7 34. Qd4+ Ka8 35. Qd8+ Rb8 36. Qd7 g5 37. Kf3 Rbc8 38. Ke4 a5 39. Kf5 a4 40. Kf6 Rh8 41. Qxc8+ Rxc8 42. Kf7 Kb7 43. e8Q Rxe8 44. Kxe8 Kc6 45. Ke7 Kd5 46. Kd7 a3 47. Kc7 g4 48. g3 Kc4 49. e4 Kxc3 50. e5 Kb2 51. e6 Kxa2 52. e7 Kb1 53. e8Q a2 54. Qe1+ Kb2 55. Qb4+ Kc2 56. Qa3 Kb1 57. Qb3+ Ka1 58. Qc2 1-0